مكتبة جامعة عجلون الوطنية

فهرس بحث المكتبة

Normal view MARC view
  • صعوبات التعلم-طرق التدريس

Entry Topical Term

Number of records used in: 1

001 - CONTROL NUMBER

  • control field: 63320

003 - CONTROL NUMBER IDENTIFIER

  • control field: JO-AjAnu

005 - DATE AND TIME OF LATEST TRANSACTION

  • control field: 20230606084333.0

008 - FIXED-LENGTH DATA ELEMENTS

  • fixed length control field: 230606|| aca||aabn | a|a d

040 ## - CATALOGING SOURCE

  • Original cataloging agency: JO-AjAnu
  • Transcribing agency: JO-AjAnu

150 ## - HEADING--TOPICAL TERM

  • Topical term or geographic name entry element: صعوبات التعلم-طرق التدريس

670 ## - SOURCE DATA FOUND

  • Source citation: Work cat.: (JO-AjAnu)32282: اعداد الربابعة، نوال محمد؛ اشراف نايف علي وحشه, author 63319, مستوى معوقات تفاعل طلبة صعوبات التعلم على منصة درسك التعليمية خلال جائحة كورونا من وجهة نظر معلميهم واولياء امورهم في لواء الكورة = Level of Interaction Obstscles Facing Students With Learning Disabilities during Corona Pandemic from the Point of View of their Teachers and Parents in AL-Koura District